01600nam a2200373Ia 4500001001200000003000800012006001900020007001500039008004100054010001700095020003900112020002400151020004200175020002700217040002100244035002100265050002500286245018200311260003800493300002400531490006600555504005100621533015200672650002500824651002600849655002900875700002000904700003700924700002200961700004900983710001701032830005101049856012601100ebr10684569CaPaEBRm u cr cn|||||||||120911s2013 ne a sb 011 0 eng d z 2012036677 z9004242368 (hardback : alk. paper) z9004242376 (e-book) z9789004242364 (hardback : alk. paper) z9789004242371 (e-book) aCaPaEBRcCaPaEBR a(OCoLC)83376609414aBL1055b.R415 2013eb00aRe-imagining South Asian religionsh[electronic resource] :bessays in honour of professors Harold G. Coward and Ronald W. Neufeldt /cedited by Pashaura Singh, Michael Hawley. aLeiden ;aBoston :bBrill,c2013. axxv, 302 p. :bill.1 aNumen book series, studies in the history of religions ;v141 aIncludes bibliographical references and index. aElectronic reproduction.bPalo Alto, Calif. :cebrary,d2013.nAvailable via World Wide Web.nAccess may be limited to ebrary affiliated libraries. 0aHistoryzSouth Asia. 0aSouth AsiaxReligion. 7aElectronic books.2local0 aPashaura Singh.1 aHawley, Michaelq(Michael Edwin)1 aCoward, Harold G.1 aNeufeldt, Ronald W.q(Ronald Wesley),d1941-2 aebrary, Inc. 0aStudies in the history of religions ;vv. 141.40uhttp://site.ebrary.com/lib/rucke/Doc?id=10684569zAn electronic book accessible through the World Wide Web; click to view